000 00240nam a2200097Ia 4500
008 200302s9999 xx 000 0 und d
100 _aPhilip jodidio
245 _aShopping Architecture Now
260 _bTechmedia Publishing
300 _a415 P.,
999 _c2889
_d2889